[Event "FRA-chT Top 16 Gp Haute"]
[Site "Chartres"]
[Date "2023.06.10"]
[Round "3.3"]
[White "Bournel, Antoine"]
[Black "Papadiamandis, Elliot"]
[Result "1-0"]
[WhiteElo "2354"]
[BlackElo "2320"]
[PlyCount "47"]
[EventDate "2023.06.08"]
[EventType "team-tourn"]
[EventRounds "4"]
[EventCountry "FRA"]
[SourceTitle "CBM 214 Extra"]
[Source "ChessBase"]
[SourceDate "2023.07.31"]
[SourceVersion "1"]
[SourceVersionDate "2023.07.31"]
[SourceQuality "1"]
[WhiteTeam "Chalon"]
[BlackTeam "Mulhouse Philidor"]
[WhiteTeamCountry "FRA"]
[BlackTeamCountry "FRA"]

1. d4 Nf6 2. Bg5 c5 3. d5 Ne4 4. Bc1 e6 5. g3 exd5 6. Bg2 Qf6 7. Nh3 Qe5 8. c3 d6 9. Nf4 Be6 10. Nd2 Nxd2 11. Qxd2 Nc6 12. Nxd5 0-0-0 13. 0-0 Ne7 14. Nf4 h5 15. Nxe6 fxe6 16. Qc2 d5 17. e4 Nc6 18. exd5 exd5 19. Bh3+ Rd7 20. Bf4 Qf6 21. Rad1 d4 22. Rfe1 Be7 23. cxd4 cxd4 24. Re6 1-0

[Event "FRA-chT Top 16 GpB"]
[Site "Chartres"]
[Date "2023.06.03"]
[Round "3.2"]
[White "Ruperez Benito, Antonio"]
[Black "Papadiamandis, Elliot"]
[Result "1/2-1/2"]
[WhiteElo "2307"]
[BlackElo "2335"]
[PlyCount "114"]
[EventDate "2023.06.01"]
[EventType "team-tourn"]
[EventRounds "7"]
[EventCountry "FRA"]
[SourceTitle "CBM 214 Extra"]
[Source "ChessBase"]
[SourceDate "2023.07.31"]
[SourceVersion "1"]
[SourceVersionDate "2023.07.31"]
[SourceQuality "1"]
[WhiteTeam "Marseille"]
[BlackTeam "Mulhouse Philidor"]
[WhiteTeamCountry "FRA"]
[BlackTeamCountry "FRA"]

1. e4 c5 2. Nf3 d6 3. Bb5+ Nd7 4. 0-0 a6 5. Bd3 Ngf6 6. Re1 Qc7 7. c3 Ne5 8. Be2 Ng6 9. Bf1 e5 10. d4 Be7 11. dxe5 dxe5 12. c4 0-0 13. Nc3 h6 14. Be3 Bd7 15. Qc2 Rac8 16. a4 Bd6 17. Nd5 Nxd5 18. cxd5 Ne7 19. Nd2 f5 20. f3 fxe4 21. fxe4 b5 22. b3 Ng6 23. axb5 axb5 24. Ra6 Nf4 25. Rea1 Qb8 26. Ra7 Bg4 27. Nb1 c4 28. bxc4 bxc4 29. h3 Bh5 30. Nc3 Bc5 31. Bxc5 Rxc5 32. Qa4 Qb2 33. Qd7 Bf7 34. Ra8 Ng6 35. Qd6 Rcc8 36. Rxc8 Rxc8 37. Qa3 Qd2 38. Qc1 Qd4+ 39. Kh1 Nf4 40. Nb5 Qc5 41. Na7 Ra8 42. Qxc4 Qe3 43. Qc7 Qd4 44. Ra3 Qf2 45. Rf3 Qxa7 46. Qxe5 Ng6 47. Qc3 Re8 48. d6 Kh7 49. Bb5 Rb8 50. Qc7 Rb7 51. Rxf7 Rxc7 52. dxc7 Qb7 53. Be2 Ne5 54. Re7 Nc6 55. Rf7 Ne5 56. Re7 Nc6 57. Rf7 Ne5 1/2-1/2

[Event "Titled Tuesday intern op 09th May Early"]
[Site "Chess.com INT"]
[Date "2023.05.09"]
[Round "1"]
[White "Papadiamandis, Elliot"]
[Black "Besou, Hussain"]
[Result "1-0"]
[WhiteElo "2335"]
[BlackElo "2304"]
[PlyCount "135"]
[EventDate "2023.05.09"]
[EventType "swiss (blitz)"]
[EventRounds "11"]
[EventCountry "USA"]
[SourceTitle "CBM 214 Extra"]
[Source "ChessBase"]
[SourceDate "2023.07.31"]
[SourceVersion "1"]
[SourceVersionDate "2023.07.31"]
[SourceQuality "1"]

1. e4 e5 2. Nf3 Nc6 3. Bc4 Nf6 4. d3 Bc5 5. c3 d6 6. Nbd2 a5 7. Bb3 0-0 8. h3 h6 9. Nf1 Be6 10. Ng3 d5 11. Qe2 dxe4 12. dxe4 Qd7 13. Ba4 Qd6 14. 0-0 Rad8 15. Rd1 Qe7 16. Bxc6 bxc6 17. Rxd8 Rxd8 18. Nxe5 Qd6 19. Bf4 g5 20. Nxf7 Qxf4 21. Nxd8 Bxh3 22. Qf3 Bd7 23. Rd1 Bg4 24. Qxf4 gxf4 25. Rd3 fxg3 26. Rxg3 Bd6 27. Rd3 Nxe4 28. Nxc6 Bd7 29. Ne5 Be6 30. Nf3 Kg7 31. b3 Bf5 32. Nd4 Bd7 33. Re3 Nf6 34. Rf3 Kg6 35. g3 h5 36. Rd3 Ng4 37. c4 Bc8 38. Nb5 Bc5 39. Nxc7 Nxf2 40. Rd5 Ne4+ 41. Kh2 Bd6 42. Nb5 Bxg3+ 43. Kg2 Bb7 44. Rd8 h4 45. Kf1 h3 46. Rh8 h2 47. Nd4 Nd2+ 48. Ke2 h1Q 49. Rxh1 Bxh1 50. Kxd2 Kf6 51. Nb5 Bc6 52. Nd4 Be8 53. Kd3 Bd6 54. Ke4 Bd7 55. Kd5 Bc7 56. c5 Be8 57. c6 Bb6 58. Nb5 Ke7 59. Nd6 Bf7+ 60. Nxf7 Kxf7 61. Kd6 Kf6 62. c7 Bxc7+ 63. Kxc7 Ke5 64. Kb6 Kd4 65. Kxa5 Kc3 66. b4 Kb2 67. b5 Kxa2 68. b6 1-0

[Event "FRA-ch U18"]
[Site "Agen"]
[Date "2023.04.23"]
[Round "1"]
[White "Borni Kern, Valentin"]
[Black "Papadiamandis, Elliot"]
[Result "0-1"]
[WhiteElo "1579"]
[BlackElo "2323"]
[PlyCount "66"]
[EventDate "2023.04.23"]
[EventType "swiss"]
[EventRounds "9"]
[EventCountry "FRA"]
[SourceTitle "CBM 214 Extra"]
[Source "ChessBase"]
[SourceDate "2023.07.31"]
[SourceVersion "1"]
[SourceVersionDate "2023.07.31"]
[SourceQuality "1"]

1. d4 Nf6 2. Bf4 g6 3. e3 Bg7 4. Nf3 d6 5. h3 0-0 6. c3 b6 7. Be2 Bb7 8. 0-0 Nbd7 9. a4 a6 10. b4 Ne4 11. Qb3 e5 12. Bh2 Qe7 13. Nbd2 Nxd2 14. Nxd2 exd4 15. cxd4 Bxd4 16. Rac1 Rfc8 17. Rc2 Be5 18. Rfc1 Bxh2+ 19. Kxh2 c5 20. Bf3 Bxf3 21. Nxf3 Nf6 22. bxc5 bxc5 23. Qd3 Rc6 24. Nd4 Rc7 25. Nb3 Rb8 26. Nd2 Rc6 27. e4 Rb4 28. Rc4 Rxc4 29. Qxc4 Rb6 30. f3 Qe5+ 31. Kg1 Rb4 32. Qc2 Qd4+ 33. Kf1 Rb2 0-1

[Event "Reykjavik op"]
[Site "Reykjavik"]
[Date "2023.04.04"]
[Round "9"]
[White "Pranav, V."]
[Black "Papadiamandis, Elliot"]
[Result "1-0"]
[WhiteElo "2545"]
[BlackElo "2323"]
[PlyCount "63"]
[EventDate "2023.03.29"]
[EventType "swiss"]
[EventRounds "9"]
[EventCountry "ISL"]
[SourceTitle "CBM 213 Extra"]
[Source "ChessBase"]
[SourceDate "2023.05.31"]
[SourceVersion "1"]
[SourceVersionDate "2023.05.31"]
[SourceQuality "1"]

1. c4 Nf6 2. Nc3 c5 3. g3 d5 4. cxd5 Nxd5 5. Bg2 Nxc3 6. bxc3 e5 7. Nf3 Nc6 8. d3 Be7 9. 0-0 0-0 10. Rb1 Rb8 11. Nd2 Qc7 12. Nc4 Be6 13. f4 Bxc4 14. dxc4 Bf6 15. Qc2 Ne7 16. Be4 h6 17. Qd3 exf4 18. Bxf4 Be5 19. Rxb7 Rxb7 20. Bxe5 Qxe5 21. Bxb7 f5 22. Rd1 Rb8 23. Bf3 f4 24. Kf2 a5 25. a4 Rb2 26. Qd8+ Kf7 27. gxf4 Qxf4 28. Kg2 Nf5 29. Bh5+ Ke6 30. Qe8+ Ne7 31. Qd7+ Kf6 32. Rf1 1-0

[Event "Reykjavik op"]
[Site "Reykjavik"]
[Date "2023.03.30"]
[Round "2"]
[White "Papadiamandis, Elliot"]
[Black "Dziuba, Marcin"]
[Result "1/2-1/2"]
[WhiteElo "2323"]
[BlackElo "2554"]
[PlyCount "115"]
[EventDate "2023.03.29"]
[EventType "swiss"]
[EventRounds "9"]
[EventCountry "ISL"]
[SourceTitle "CBM 213 Extra"]
[Source "ChessBase"]
[SourceDate "2023.05.31"]
[SourceVersion "1"]
[SourceVersionDate "2023.05.31"]
[SourceQuality "1"]

1. e4 c6 2. d4 d5 3. Nd2 dxe4 4. Nxe4 Bf5 5. Ng3 Bg6 6. h4 h6 7. Nf3 Nd7 8. h5 Bh7 9. Bd3 Bxd3 10. Qxd3 e6 11. Bd2 Ngf6 12. 0-0-0 Be7 13. Ne4 Nxe4 14. Qxe4 Nf6 15. Qd3 c5 16. Qb5+ Qd7 17. Qxd7+ Nxd7 18. Bc3 cxd4 19. Bxd4 Bf6 20. g4 Rc8 21. Rhe1 a6 22. Bxf6 Nxf6 23. Ne5 Ke7 24. f4 Rhd8 25. Rxd8 Rxd8 26. c3 Nd5 27. Re4 Rc8 28. Kd2 b5 29. Ke2 f5 30. gxf5 exf5 31. Rd4 Ke6 32. Kf3 Nf6 33. a4 Nxh5 34. axb5 axb5 35. Rb4 Rc5 36. Nd3 Rd5 37. Ke3 g5 38. c4 bxc4 39. Rxc4 Nf6 40. b4 g4 41. Nc5+ Kd6 42. Nb3 Rd1 43. Nd4 Nd5+ 44. Ke2 Nc3+ 45. Ke3 Nd5+ 46. Ke2 Rb1 47. Nxf5+ Ke6 48. Nxh6 Rb2+ 49. Kd3 g3 50. f5+ Kf6 51. Rg4 g2 52. Ke4 Rxb4+ 53. Kf3 Rb3+ 54. Ke4 Rb4+ 55. Kf3 Rf4+ 56. Kxg2 Ne3+ 57. Kg3 Rxg4+ 58. Nxg4+ 1/2-1/2

[Event "Napoleon Trophy Blitz Final"]
[Site "La Roche sur Yon"]
[Date "2023.02.11"]
[Round "1.2"]
[White "Papadiamandis, Elliot"]
[Black "Gharamian, Tigran"]
[Result "1/2-1/2"]
[WhiteElo "2323"]
[BlackElo "2601"]
[PlyCount "38"]
[EventDate "2023.02.11"]
[EventType "match (blitz)"]
[EventRounds "2"]
[EventCountry "FRA"]
[SourceTitle "CBM 212 Extra"]
[Source "ChessBase"]
[SourceDate "2023.03.31"]
[SourceVersion "1"]
[SourceVersionDate "2023.03.31"]
[SourceQuality "1"]

1. e4 c6 2. d4 d5 3. Nd2 dxe4 4. Nxe4 Nd7 5. Nf3 Ngf6 6. Ng3 e6 7. Bd3 c5 8. 0-0 Be7 9. Re1 0-0 10. c3 b6 11. Qe2 Bb7 12. b3 Bxf3 13. Qxf3 cxd4 14. cxd4 Nd5 15. Bd2 Rc8 16. Re2 N7f6 17. h4 Bb4 18. Bg5 h6 19. Bxf6 Nxf6 1/2-1/2

[Event "Sitges Sunway op 9th"]
[Site "Sitges"]
[Date "2022.12.15"]
[Round "4"]
[White "Papadiamandis, Elliot"]
[Black "Noria Silvestre, Joaquin"]
[Result "1-0"]
[WhiteElo "2334"]
[BlackElo "2138"]
[PlyCount "63"]
[EventDate "2022.12.12"]
[EventType "swiss"]
[EventRounds "10"]
[EventCountry "ESP"]
[SourceTitle "CBM 211 Extra"]
[Source "ChessBase"]
[SourceDate "2023.01.31"]
[SourceVersion "1"]
[SourceVersionDate "2023.01.31"]
[SourceQuality "1"]

1. e4 e5 2. Nf3 Nc6 3. d4 exd4 4. Nxd4 Nf6 5. Nxc6 bxc6 6. e5 Qe7 7. Qe2 Nd5 8. Nd2 g6 9. c4 Nb6 10. Ne4 Bg7 11. Bg5 Qb4+ 12. Kd1 0-0 13. Nf6+ Bxf6 14. Bxf6 d6 15. Qd2 Qxd2+ 16. Kxd2 Re8 17. exd6 Re6 18. Be7 cxd6 19. Bg5 d5 20. cxd5 cxd5 21. b3 a5 22. Bd3 Ba6 23. Rhe1 Bxd3 24. Kxd3 a4 25. Kd4 Nd7 26. b4 Nb6 27. Rac1 Kg7 28. Rxe6 fxe6 29. Rc7+ Kg8 30. Rc6 Rb8 31. Rxe6 Nd7 32. a3 1-0

[Event "EU-ch U18 30th"]
[Site "Antalya"]
[Date "2022.11.13"]
[Round "8"]
[White "Papadiamandis, Elliot"]
[Black "Subelj, Jan"]
[Result "1/2-1/2"]
[WhiteElo "2321"]
[BlackElo "2486"]
[PlyCount "30"]
[EventDate "2022.11.06"]
[EventType "swiss"]
[EventRounds "9"]
[EventCountry "TUR"]
[SourceTitle "CBM 211 Extra"]
[Source "ChessBase"]
[SourceDate "2023.01.31"]
[SourceVersion "1"]
[SourceVersionDate "2023.01.31"]
[SourceQuality "1"]

1. e4 c6 2. Nf3 d5 3. d3 dxe4 4. dxe4 Qxd1+ 5. Kxd1 Nd7 6. Nbd2 g6 7. Ne1 Nc5 8. Nd3 Nxd3 9. Bxd3 Bh6 10. a4 Be6 11. Ke2 Nf6 12. f3 Nd7 13. Bc4 Bxd2 14. Bxe6 Bxc1 15. Bxd7+ Kxd7 1/2-1/2

[Event "EU-ch U18 30th"]
[Site "Antalya"]
[Date "2022.11.11"]
[Round "6"]
[White "Girel, Joseph"]
[Black "Papadiamandis, Elliot"]
[Result "1/2-1/2"]
[WhiteElo "2381"]
[BlackElo "2321"]
[PlyCount "84"]
[EventDate "2022.11.06"]
[EventType "swiss"]
[EventRounds "9"]
[EventCountry "TUR"]
[SourceTitle "CBM 211 Extra"]
[Source "ChessBase"]
[SourceDate "2023.01.31"]
[SourceVersion "1"]
[SourceVersionDate "2023.01.31"]
[SourceQuality "1"]

1. e4 c5 2. Nf3 d6 3. d4 cxd4 4. Nxd4 Nf6 5. Nc3 a6 6. Be3 e6 7. g4 e5 8. Nf5 h5 9. g5 Nxe4 10. Nxg7+ Bxg7 11. Nxe4 d5 12. Ng3 d4 13. Bd2 Nc6 14. Bd3 Bg4 15. f3 Bh3 16. Qe2 Qd7 17. 0-0-0 0-0-0 18. Kb1 Kb8 19. Rde1 Rde8 20. Ne4 Ne7 21. f4 Nd5 22. Qf2 exf4 23. Bxf4+ Ka8 24. Bd2 Qc6 25. Qxf7 Re7 26. Qf2 Rhe8 27. Nf6 Nxf6 28. gxf6 Bxf6 29. a3 h4 30. Rhg1 Rxe1+ 31. Rxe1 Rxe1+ 32. Qxe1 Be6 33. Bf4 Bf7 34. Qe4 Ka7 35. Qxc6 bxc6 36. b4 a5 37. Bd6 axb4 38. axb4 Kb7 39. Kc1 Bd8 40. Be5 Bc7 41. Bf6 Bxh2 42. Bxh4 Bd6 1/2-1/2

[Event "Budapest Vezerkepzo GM 10"]
[Site "Budapest"]
[Date "2022.10.19"]
[Round "7"]
[White "Varga, Zoltan"]
[Black "Papadiamandis, Elliot"]
[Result "1/2-1/2"]
[WhiteElo "2401"]
[BlackElo "2319"]
[PlyCount "22"]
[EventDate "2022.10.13"]
[EventType "tourn"]
[EventRounds "9"]
[EventCountry "HUN"]
[EventCategory "7"]
[SourceTitle "CBM 210 Extra"]
[Source "ChessBase"]
[SourceDate "2022.11.30"]
[SourceVersion "1"]
[SourceVersionDate "2022.11.30"]
[SourceQuality "1"]

1. c4 Nf6 2. Nc3 c5 3. Nf3 d5 4. cxd5 Nxd5 5. e4 Nb4 6. d3 Bg4 7. Be3 Bxf3 8. gxf3 e6 9. Qb3 Qb6 10. 0-0-0 N8c6 11. Kb1 Be7 1/2-1/2

[Event "Budapest Vezerkepzo GM 10"]
[Site "Budapest"]
[Date "2022.10.16"]
[Round "4"]
[White "Bai, Adelard"]
[Black "Papadiamandis, Elliot"]
[Result "1-0"]
[WhiteElo "2399"]
[BlackElo "2319"]
[PlyCount "85"]
[EventDate "2022.10.13"]
[EventType "tourn"]
[EventRounds "9"]
[EventCountry "HUN"]
[EventCategory "7"]
[SourceTitle "CBM 210 Extra"]
[Source "ChessBase"]
[SourceDate "2022.11.30"]
[SourceVersion "1"]
[SourceVersionDate "2022.11.30"]
[SourceQuality "1"]

1. d4 Nf6 2. c4 g6 3. Nf3 Bg7 4. g3 c6 5. Bg2 0-0 6. 0-0 d5 7. Qb3 a5 8. cxd5 a4 9. Qd1 cxd5 10. Nc3 Ne4 11. e3 Nxc3 12. bxc3 Qc7 13. Ba3 Re8 14. Nd2 Be6 15. Rc1 Rd8 16. Qe2 Nc6 17. c4 Qd7 18. cxd5 Bxd5 19. Ne4 Qe6 20. Qc2 Qf5 21. Nc5 Bxg2 22. Qxf5 gxf5 23. Kxg2 b5 24. Ne6 fxe6 25. Rxc6 Kf7 26. f4 Rac8 27. Rfc1 Rxc6 28. Rxc6 Rb8 29. Bb4 h5 30. h4 Bf6 31. a3 Bh8 32. Kf3 Bf6 33. Ke2 Rg8 34. Be1 b4 35. axb4 Ra8 36. Rc5 Ke8 37. Ra5 Rxa5 38. bxa5 Kd7 39. Kd3 Kc6 40. Kc4 Bg7 41. Bb4 e5 42. dxe5 e6 43. Bc5 1-0

[Event "Wch U18"]
[Site "Mamaia"]
[Date "2022.09.10"]
[Round "5"]
[White "Can, Isik"]
[Black "Papadiamandis, Elliot"]
[Result "1/2-1/2"]
[WhiteElo "2483"]
[BlackElo "2331"]
[PlyCount "117"]
[EventDate "2022.09.06"]
[EventType "swiss"]
[EventRounds "11"]
[EventCountry "ROU"]
[SourceTitle "CBM 210 Extra"]
[Source "ChessBase"]
[SourceDate "2022.11.30"]
[SourceVersion "1"]
[SourceVersionDate "2022.11.30"]
[SourceQuality "1"]

1. e4 c5 2. Nf3 d6 3. d4 cxd4 4. Nxd4 Nf6 5. Nc3 a6 6. h3 e5 7. Nb3 Be6 8. f4 exf4 9. Bxf4 Nc6 10. Qe2 Ne5 11. 0-0-0 Qc7 12. g4 h6 13. Nd4 Rc8 14. Kb1 Be7 15. Nf5 0-0 16. Rg1 Bxf5 17. exf5 Nc4 18. Qxc4 Qxc4 19. Bxc4 Rxc4 20. Bxd6 Bxd6 21. Rxd6 Re8 22. Rgd1 Rf4 23. a4 Kf8 24. a5 h5 25. g5 Nh7 26. f6 Nxg5 27. Nd5 Rc4 28. Rg1 gxf6 29. Nxf6 Re6 30. Rd7 Rxf6 31. Rxg5 Rh4 32. Rxb7 Rxh3 33. Rb6 Re6 34. Ka2 h4 35. Rh5 Rh2 36. c4 h3 37. Rb3 Rc2 38. Rb8+ Kg7 39. Rxh3 Rxc4 40. Rg3+ Kf6 41. b4 Ke5 42. Kb3 Re4 43. Rb6 Rxb6 44. axb6 Kd5 45. Rc3 Re6 46. Rc5+ Kd4 47. b7 Rb6 48. Rc7 Kd5 49. Ka4 Kd6 50. Rxf7 Kc6 51. Ka5 Rxb7 52. Rf6+ Kc7 53. Rxa6 Rb8 54. Ra7+ Kc6 55. Ra6+ Kc7 56. Rh6 Ra8+ 57. Kb5 Rb8+ 58. Ka5 Ra8+ 59. Ra6 1/2-1/2

[Event "Wch U18"]
[Site "Mamaia"]
[Date "2022.09.09"]
[Round "4"]
[White "Papadiamandis, Elliot"]
[Black "Unneland, Mathias"]
[Result "1-0"]
[WhiteElo "2331"]
[BlackElo "2212"]
[PlyCount "167"]
[EventDate "2022.09.06"]
[EventType "swiss"]
[EventRounds "11"]
[EventCountry "ROU"]
[SourceTitle "CBM 210 Extra"]
[Source "ChessBase"]
[SourceDate "2022.11.30"]
[SourceVersion "1"]
[SourceVersionDate "2022.11.30"]
[SourceQuality "1"]

1. e4 e5 2. Nf3 Nc6 3. d4 exd4 4. Nxd4 Nf6 5. Nxc6 bxc6 6. e5 Qe7 7. Qe2 Nd5 8. g3 g6 9. c4 Ba6 10. b3 Bg7 11. Bb2 0-0 12. Bg2 Rfe8 13. 0-0 Bxe5 14. Qxe5 Qxe5 15. Bxe5 Rxe5 16. cxd5 Bxf1 17. Kxf1 cxd5 18. Na3 Rae8 19. Bf3 Kf8 20. Rd1 c6 21. Nc2 Ke7 22. Rd4 Rb8 23. Ra4 Rb7 24. Ne3 h5 25. Ke2 Kd6 26. Kd2 Re6 27. h4 Rf6 28. Ke2 Kc5 29. Ng2 Re6+ 30. Kd2 Kb6 31. Rf4 Re7 32. Rb4+ Kc7 33. Ra4 Kb6 34. Nf4 Re8 35. Rb4+ Kc7 36. Ra4 Kb6 37. Nh3 a5 38. Ng5 Re7 39. Rf4 d6 40. Be2 Kc5 41. Ra4 Ra7 42. Bd3 Kb6 43. f3 Ra8 44. Rf4 Raa7 45. g4 hxg4 46. fxg4 Kc5 47. h5 gxh5 48. gxh5 Re5 49. Bf5 Rae7 50. Rf2 f6 51. Nh3 Re8 52. Nf4 Kb5 53. Ng6 Re1 54. Rh2 Ra1 55. Kc3 Ree1 56. h6 Rh1 57. Rh3 Rxh3+ 58. Bxh3 Rg1 59. Nf4 Rg3+ 60. Kc2 Rg8 61. h7 Rh8 62. Bf5 a4 63. Nh5 c5 64. Nxf6 axb3+ 65. axb3 c4 66. Ng8 Kb4 67. bxc4 dxc4 68. Nh6 d5 69. Nf7 Rf8 70. h8Q Rxh8 71. Nxh8 d4 72. Nf7 d3+ 73. Kd2 Kb3 74. Be6 Kb4 75. Ne5 Kb3 76. Bxc4+ Kb2 77. Nxd3+ Kb1 78. Kc3 Ka1 79. Ne1 Kb1 80. Nc2 Kc1 81. Ba2 Kd1 82. Nd4 Ke1 83. Kd3 Kf2 84. Ne2 1-0

[Event "Biel HTO 55th"]
[Site "Biel"]
[Date "2022.07.20"]
[Round "7"]
[White "Kamber, Bruno"]
[Black "Papadiamandis, Elliot"]
[Result "1/2-1/2"]
[WhiteElo "2225"]
[BlackElo "2369"]
[PlyCount "54"]
[EventDate "2022.07.13"]
[EventType "swiss"]
[EventRounds "9"]
[EventCountry "SUI"]
[SourceTitle "CBM 209 Extra"]
[Source "ChessBase"]
[SourceDate "2022.09.30"]
[SourceVersion "1"]
[SourceVersionDate "2022.09.30"]
[SourceQuality "1"]

1. e4 c5 2. Nf3 d6 3. Bb5+ Nd7 4. a4 Ngf6 5. Nc3 a6 6. Be2 b6 7. d4 cxd4 8. Qxd4 Bb7 9. 0-0 e6 10. Nd2 Qc7 11. Nc4 d5 12. exd5 Bc5 13. Qh4 Nxd5 14. Nxd5 Bxd5 15. Bf4 Qc6 16. Qg3 0-0 17. Bh6 Bd4 18. c3 Bf6 19. Ne3 Kh8 20. Nxd5 exd5 21. Bg5 Nc5 22. Bxf6 Qxf6 23. Qf3 Qe5 24. Rfd1 Rad8 25. Bf1 d4 26. b4 Ne6 27. cxd4 Rxd4 1/2-1/2

[Event "Novi Sad Serbia op-A"]
[Site "Novi Sad"]
[Date "2022.07.01"]
[Round "4"]
[White "Papadiamandis, Elliot"]
[Black "Magalakis, Stefanos"]
[Result "1-0"]
[WhiteElo "2372"]
[BlackElo "2181"]
[PlyCount "63"]
[EventDate "2022.06.28"]
[EventType "swiss"]
[EventRounds "9"]
[EventCountry "SRB"]
[SourceTitle "EXT 2023"]
[Source "ChessBase"]
[SourceDate "2022.10.05"]
[SourceVersion "1"]
[SourceVersionDate "2022.10.05"]
[SourceQuality "1"]

1. e4 e5 2. Nf3 Nc6 3. d4 exd4 4. Nxd4 Bc5 5. Nb3 Bb6 6. Nc3 Nge7 7. Bg5 f6 8. Bh4 0-0 9. Qd2 d6 10. 0-0-0 Be6 11. f4 Qe8 12. Be2 f5 13. Rhf1 fxe4 14. g4 e3 15. Qe1 a5 16. a4 Bxb3 17. cxb3 Nd4 18. Kb1 Kh8 19. f5 Nxb3 20. Bc4 Nd4 21. Rf4 c5 22. Re4 Nf3 23. Rxe7 Nxe1 24. Rxe8 Rfxe8 25. Rxe1 Bd8 26. Bxd8 Raxd8 27. Be6 d5 28. Nxd5 Rxe6 29. fxe6 Rxd5 30. e7 Re5 31. Rf1 Rxe7 32. Rf8# 1-0

[Event "Novi Sad Serbia op-A"]
[Site "Novi Sad"]
[Date "2022.06.30"]
[Round "3"]
[White "Balabayeva, Kseniya"]
[Black "Papadiamandis, Elliot"]
[Result "1-0"]
[WhiteElo "2177"]
[BlackElo "2372"]
[PlyCount "95"]
[EventDate "2022.06.28"]
[EventType "swiss"]
[EventRounds "9"]
[EventCountry "SRB"]
[SourceTitle "EXT 2023"]
[Source "ChessBase"]
[SourceDate "2022.10.05"]
[SourceVersion "1"]
[SourceVersionDate "2022.10.05"]
[SourceQuality "1"]

1. d4 Nf6 2. Bg5 c5 3. Bxf6 gxf6 4. d5 f5 5. c4 Bg7 6. Nc3 Qa5 7. Qd2 d6 8. e3 Nd7 9. Rc1 a6 10. Nf3 Rb8 11. Nh4 Ne5 12. f4 Ng6 13. Nf3 b5 14. b3 b4 15. Nd1 Qc7 16. Be2 a5 17. 0-0 Bd7 18. Bd3 e5 19. dxe6 fxe6 20. e4 0-0 21. g3 Ne7 22. Ne3 a4 23. Qc2 axb3 24. axb3 Ra8 25. Rce1 Ra7 26. Re2 Kh8 27. exf5 exf5 28. Nd5 Nxd5 29. cxd5 Qd8 30. Kg2 Qf6 31. Rfe1 Rfa8 32. Ng5 Ra1 33. Rxa1 Rxa1 34. Ne6 Bxe6 35. Rxe6 Qf7 36. Bxf5 Bd4 37. Bg4 Ra8 38. Rxd6 Qg7 39. Rd7 Qh6 40. Bf5 Bg7 41. Qe2 Qf6 42. Bb1 Qb2 43. Qxb2 Bxb2 44. Rxh7+ Kg8 45. Rc7 Bd4 46. d6 Kf8 47. d7 Rd8 48. Rc8 1-0

[Event "Novi Sad Serbia op-A"]
[Site "Novi Sad"]
[Date "2022.06.28"]
[Round "1"]
[White "Tancsa, Tamas"]
[Black "Papadiamandis, Elliot"]
[Result "1-0"]
[WhiteElo "2103"]
[BlackElo "2372"]
[PlyCount "60"]
[EventDate "2022.06.28"]
[EventType "swiss"]
[EventRounds "9"]
[EventCountry "SRB"]
[SourceTitle "EXT 2023"]
[Source "ChessBase"]
[SourceDate "2022.10.05"]
[SourceVersion "1"]
[SourceVersionDate "2022.10.05"]
[SourceQuality "1"]

1. e4 c5 2. Nf3 d6 3. d4 cxd4 4. Nxd4 Nf6 5. Nc3 a6 6. f3 e6 7. Be3 b5 8. Qd2 Bb7 9. g4 Nfd7 10. g5 Nb6 11. a4 b4 12. Na2 Nxa4 13. Nxb4 Nc5 14. Nd3 Nbd7 15. Nxc5 Nxc5 16. b4 Nd7 17. Nb3 Be7 18. Na5 Qc7 19. Kf2 0-0 20. h4 f5 21. Bc4 fxe4 22. Bxe6+ Kh8 23. f4 Rae8 24. Nxb7 Qxb7 25. Qd5 Qc7 26. Kg3 Ne5 27. c4 Rb8 28. Qxe4 Nc6 29. Rxa6 Nxb4 30. Ra7 Qd8 1-0

[Event "FRA-chT Top 16 Gp Haute"]
[Site "Chartres"]
[Date "2022.06.19"]
[Round "4.2"]
[White "Papadiamandis, Elliot"]
[Black "Daulyte Cornette, Deimante"]
[Result "1-0"]
[WhiteElo "2372"]
[BlackElo "2384"]
[PlyCount "55"]
[EventDate "2022.06.16"]
[EventType "team-tourn"]
[EventRounds "4"]
[EventCountry "FRA"]
[SourceTitle "CBM 208 Extra"]
[Source "ChessBase"]
[SourceDate "2022.07.31"]
[SourceVersion "1"]
[SourceVersionDate "2022.07.31"]
[SourceQuality "1"]
[WhiteTeam "Mulhouse Philidor"]
[BlackTeam "Chartres"]
[WhiteTeamCountry "FRA"]
[BlackTeamCountry "FRA"]

1. e4 c5 2. Nf3 Nc6 3. Nc3 g6 4. Bc4 Bg7 5. 0-0 d6 6. Re1 e6 7. d4 cxd4 8. Ne2 Nge7 9. Nexd4 0-0 10. c3 Nxd4 11. Nxd4 d5 12. exd5 Nxd5 13. Qf3 Nb6 14. Bb3 e5 15. Nc2 Qc7 16. Ne3 Bd7 17. Ng4 Bc6 18. Qg3 Rae8 19. Be3 Qe7 20. h4 Kh8 21. Bg5 Qc7 22. Nf6 Rc8 23. h5 gxh5 24. Rxe5 Nd7 25. Qd3 Nxf6 26. Bxf6 Qd7 27. Rd5 Qxd5 28. Bxg7+ 1-0

[Event "FRA-chT Top 16 Gp Haute"]
[Site "Chartres"]
[Date "2022.06.18"]
[Round "3.2"]
[White "Parligras, Mircea Emilian"]
[Black "Papadiamandis, Elliot"]
[Result "1-0"]
[WhiteElo "2579"]
[BlackElo "2372"]
[PlyCount "67"]
[EventDate "2022.06.16"]
[EventType "team-tourn"]
[EventRounds "4"]
[EventCountry "FRA"]
[SourceTitle "CBM 208 Extra"]
[Source "ChessBase"]
[SourceDate "2022.07.31"]
[SourceVersion "1"]
[SourceVersionDate "2022.07.31"]
[SourceQuality "1"]
[WhiteTeam "Grasse Echecs"]
[BlackTeam "Mulhouse Philidor"]
[WhiteTeamCountry "FRA"]
[BlackTeamCountry "FRA"]

1. d4 Nf6 2. c4 g6 3. Nc3 d5 4. cxd5 Nxd5 5. e4 Nxc3 6. bxc3 Bg7 7. Bb5+ c6 8. Ba4 0-0 9. Ne2 b5 10. Bb3 a5 11. 0-0 Nd7 12. e5 Nb6 13. h4 a4 14. Bc2 h5 15. Nf4 Nd5 16. Nxd5 Qxd5 17. Ba3 Re8 18. Qe2 Bg4 19. f3 Be6 20. g4 Qd7 21. gxh5 Bc4 22. Qg2 Bxf1 23. Rxf1 Qe6 24. hxg6 Bh6 25. Qg4 Qxg4+ 26. fxg4 f6 27. Bf5 fxe5 28. Be6+ Kh8 29. Rf7 Bg7 30. dxe5 Rf8 31. Bxe7 Rxf7 32. gxf7 Kh7 33. Bf5+ Kh8 34. e6 1-0

[Event "FRA-chT Top 16 Gp Haute"]
[Site "Chartres"]
[Date "2022.06.17"]
[Round "2.2"]
[White "Papadiamandis, Elliot"]
[Black "David, Alberto"]
[Result "1/2-1/2"]
[WhiteElo "2372"]
[BlackElo "2520"]
[PlyCount "32"]
[EventDate "2022.06.16"]
[EventType "team-tourn"]
[EventRounds "4"]
[EventCountry "FRA"]
[SourceTitle "CBM 208 Extra"]
[Source "ChessBase"]
[SourceDate "2022.07.31"]
[SourceVersion "1"]
[SourceVersionDate "2022.07.31"]
[SourceQuality "1"]
[WhiteTeam "Mulhouse Philidor"]
[BlackTeam "Chalon"]
[WhiteTeamCountry "FRA"]
[BlackTeamCountry "FRA"]

1. e4 c5 2. Nf3 e6 3. d4 cxd4 4. Nxd4 a6 5. Be2 Nf6 6. Nc3 d6 7. a4 Nc6 8. 0-0 Be7 9. Be3 0-0 10. Nxc6 bxc6 11. a5 Nd7 12. Qd2 Rb8 13. Na4 c5 14. Bf4 Qc7 15. Rfd1 e5 16. Be3 Rb4 1/2-1/2